00853nam a2200121 4500008001300000082001800013100002800031245001200059260004700071300003400118505048400152650009500636711.57 B561b a711.57bB561b aLamoyi, Carla (editora) aBestias aCiudad de MéxicobFIEBRE edicionesc2017 a121 p.bill (col)c21 x 15 cm tDestruir para volver a construir: introducción al bestiario fiebretConstrucción efímera teórico-prácticatConstrucción efímera / encuentro de arte multidisciplinariotInteracción con la movida subterráneatLa voz es el rock maldito, Óscar MalcatIntervención urbana / arquitectura efímera IItArquitectos con caras sucias, Sissi AchatProyecto teórico-prácticos de arquitectura y urbanismotRevolución cultural y orgía creativa, Miguel A. López xarte contemporáneoxarquitecturaxplanificación culturalxarte cívicoxrock-música